La pradera / (Record no. 27013)
[ view plain ]
| 000 -LEADER | |
|---|---|
| fixed length control field | 01071cam a2200325Ia 4500 |
| 001 - CONTROL NUMBER | |
| control field | 29408483 |
| 003 - CONTROL NUMBER IDENTIFIER | |
| control field | OCoLC |
| 005 - DATE AND TIME OF LATEST TRANSACTION | |
| control field | 20220506113226.0 |
| 008 - FIXED-LENGTH DATA ELEMENTS--GENERAL INFORMATION | |
| fixed length control field | 931201s1993 sp a j 001 0 spa d |
| 020 ## - INTERNATIONAL STANDARD BOOK NUMBER | |
| International Standard Book Number | 8420748560 : |
| Terms of availability | $13.55 |
| 020 ## - INTERNATIONAL STANDARD BOOK NUMBER | |
| International Standard Book Number | 9788420748566 |
| 040 ## - CATALOGING SOURCE | |
| Original cataloging agency | TXN |
| Transcribing agency | TXN |
| Modifying agency | OCL |
| 041 1# - LANGUAGE CODE | |
| Language code of text/sound track or separate title | spa |
| Language code of original | eng |
| 100 1# - MAIN ENTRY--PERSONAL NAME | |
| Personal name | Taylor, Barbara. |
| Dates associated with a name | 1954- |
| 240 10 - UNIFORM TITLE | |
| Uniform title | <a href="Meadow.">Meadow.</a> |
| Language of a work | Spanish. |
| 245 13 - TITLE STATEMENT | |
| Title | La pradera / |
| Statement of responsibility, etc. | texto de Barbara Taylor ; fotografias de Kim Taylor y Jane Burton ; traduccion de Juan Manuel Ibeas. |
| 250 ## - EDITION STATEMENT | |
| Edition statement | 1a ed. |
| 260 ## - PUBLICATION, DISTRIBUTION, ETC. (IMPRINT) | |
| Place of publication, distribution, etc. | Madrid : |
| Name of publisher, distributor, etc. | Anaya, |
| Date of publication, distribution, etc. | c1993. |
| 300 ## - PHYSICAL DESCRIPTION | |
| Extent | 29 p. : |
| Other physical details | col. ill. ; |
| Dimensions | 25 cm. |
| 440 #0 - SERIES STATEMENT/ADDED ENTRY--TITLE | |
| Title | Mira de cerca ; |
| Volume/sequential designation | 6. |
| 500 ## - GENERAL NOTE | |
| General note | Includes index. |
| 520 ## - SUMMARY, ETC. | |
| Summary, etc. | Examines some of the animals and plants found in meadows, including the crab spider, partridge chicks, and cocksfoot grass. |
| 650 #0 - SUBJECT ADDED ENTRY--TOPICAL TERM | |
| Topical term or geographic name as entry element | Meadow animals |
| Form subdivision | Juvenile literature. |
| 650 #0 - SUBJECT ADDED ENTRY--TOPICAL TERM | |
| Topical term or geographic name as entry element | Meadow plants |
| Form subdivision | Juvenile literature. |
| 650 #1 - SUBJECT ADDED ENTRY--TOPICAL TERM | |
| Topical term or geographic name as entry element | Meadow animals. |
| 650 #1 - SUBJECT ADDED ENTRY--TOPICAL TERM | |
| Topical term or geographic name as entry element | Meadow plants. |
| 700 1# - ADDED ENTRY--PERSONAL NAME | |
| Personal name | Burton, Jane. |
| Relator code | ill. |
| 700 1# - ADDED ENTRY--PERSONAL NAME | |
| Personal name | Taylor, Kim |
| 942 ## - ADDED ENTRY ELEMENTS (KOHA) | |
| Koha item type | Libro/Book |
| Withdrawn status | Lost status | Damaged status | Not for loan | Home library | Current library | Shelving location | Date acquired | Inventory number | Total Checkouts | Full call number | Barcode | Date last seen | Date checked out | Price effective from | Koha item type |
|---|---|---|---|---|---|---|---|---|---|---|---|---|---|---|---|
| San Juan Del Sur -- Biblioteca | San Juan Del Sur -- Biblioteca | Children's Area | 06/05/2022 | inventory: last seen Mar 2025 | 6 | JES | 30028840 | 20/03/2025 | 19/03/2025 | 06/05/2022 | Libro/Book |